[Event "DVM U14 2011"]
[Site "Lingen (Ems) GER"]
[Date "2011.12.27"]
[Round "2"]
[White "Soos, Philipp"]
[Black "Touet, Marian"]
[Result "1-0"]
[Termination "normal"]
[Board "6.4"]
[WhiteElo "1561"]
[BlackElo "1119"]
[WhiteTeam "SV Backnang"]
[BlackTeam "SG Porz"]
[WhiteFideId "12943967"]
[EventCountry "GER"]
[EventRounds "7"]
[EventType "team-swiss"]
[EventDate "2011.12.26"]

1. e4 e5 2. Nf3 Nf6 3. Nc3 Bb4 4. d3 d5 5. a3 Bxc3+ 6. bxc3 dxe4 7. Nxe5 O-O 8.
d4 Re8 9. Bg5 h6 10. Bh4 c5 11. Bc4 Be6 12. Bxe6 Rxe6 13. Ng4 g5 14. Nxh6+ Kf8
15. Bxg5 Qd5 16. Be3 cxd4 17. Qxd4 Qc6 18. Nf5 Nbd7 19. Qb4+ Kg8 20. Nd4 Nd5
21. Nxc6 Nxb4 22. Nxb4 Rc8 1-0

[Event "DVM U14 2011"]
[Site "Lingen (Ems) GER"]
[Date "2011.12.27"]
[Round "2"]
[White "Beeck, Mats"]
[Black "Schissler, Cornelius"]
[Result "1-0"]
[Termination "normal"]
[Board "7.1"]
[WhiteElo "1671"]
[BlackElo "1410"]
[WhiteTeam "SK Doppelbauer Kiel"]
[BlackTeam "SC Widdern"]
[WhiteFideId "12936944"]
[BlackFideId "12946290"]
[EventCountry "GER"]
[EventRounds "7"]
[EventType "team-swiss"]
[EventDate "2011.12.26"]

1. d4 Nf6 2. c4 g6 3. Nc3 Bg7 4. e4 d6 5. Nf3 O-O 6. Be2 Bg4 7. Be3 Nc6 8. d5
Bxf3 9. Bxf3 Ne5 10. Be2 c5 11. O-O Nfd7 12. f4 Bh6 13. Qd2 Qb6 14. fxe5 Bxe3+
15. Qxe3 Nxe5 16. b3 f6 17. Na4 Qc7 18. Nb2 Rf7 19. Nd3 Nxd3 20. Qxd3 Raf8 21.
Bg4 Rg7 22. Rad1 Qa5 23. Qd2 Qxd2 24. Rxd2 Kh8 25. Be6 a6 26. a3 b5 27. cxb5
axb5 28. a4 bxa4 29. bxa4 Ra8 30. Ra2 Ra5 31. Rb1 h5 32. Rb5 Ra8 33. a5 c4 34.
Rc2 Kh7 35. Rxc4 Kh6 36. Ra4 Rh7 37. a6 Rhh8 38. Rb7 Rhb8 39. Rxb8 Rxb8 40. a7
Ra8 41. Bc8 1-0

[Event "DVM U14 2011"]
[Site "Lingen (Ems) GER"]
[Date "2011.12.27"]
[Round "2"]
[White "Dirks, Alexander"]
[Black "Wanner, Lukas"]
[Result "0-1"]
[Termination "normal"]
[Board "7.2"]
[WhiteElo "1372"]
[BlackElo "1594"]
[WhiteTeam "SC Widdern"]
[BlackTeam "SK Doppelbauer Kiel"]
[WhiteFideId "12946303"]
[BlackFideId "12918148"]
[EventCountry "GER"]
[EventRounds "7"]
[EventType "team-swiss"]
[EventDate "2011.12.26"]

1. e4 c5 2. Nf3 Nc6 3. d4 cxd4 4. Nxd4 Nf6 5. Nc3 d6 6. Be3 e5 7. Nf3 Be6 8.
Be2 d5 9. exd5 Nxd5 10. Nxd5 Bxd5 11. O-O Be7 12. Bb5 f6 13. Qe2 a6 14. Ba4 b5
15. Bb3 Bxb3 16. axb3 Qc7 17. Rfd1 Qb7 18. c4 O-O 19. Nd2 Nb4 20. Rdc1 Rfe8 21.
cxb5 Qxb5 22. Qxb5 axb5 23. Rxa8 Rxa8 24. h3 Nd3 25. Rc7 Bf8 26. Rb7 b4 27. Nc4
Ra2 28. Bd2 Nxb2 29. Bxb4 Bxb4 30. Rxb4 Nd3 31. Rb8+ Kf7 32. Nd6+ Kg6 33. Ne4
f5 34. Rb6+ Kh5 35. Ng3+ Kg5 36. Rb5 h5 37. Rd5 Rd2 38. b4 Rd1+ 39. Kh2 h4 40.
Nh1 Nxf2 41. Rxd1 Nxd1 42. Kg1 Nc3 43. Nf2 e4 44. Kf1 Kf4 45. Ke1 Ke3 46. Nd1+
Nxd1 47. b5 Nf2 48. b6 Nd3+ 49. Kd1 Nc5 50. b7 Nxb7 0-1

[Event "DVM U14 2011"]
[Site "Lingen (Ems) GER"]
[Date "2011.12.27"]
[Round "2"]
[White "Andreßen, Kay"]
[Black "Weinmeister, Nico"]
[Result "0-1"]
[Termination "normal"]
[Board "7.3"]
[WhiteElo "1381"]
[BlackElo "1380"]
[WhiteTeam "SK Doppelbauer Kiel"]
[BlackTeam "SC Widdern"]
[BlackFideId "12946311"]
[EventCountry "GER"]
[EventRounds "7"]
[EventType "team-swiss"]
[EventDate "2011.12.26"]

1. e4 e5 2. Nf3 Nc6 3. Bc4 Bc5 4. b4 Bxb4 5. c3 Ba5 6. d4 exd4 7. O-O Nge7 8.
cxd4 d5 9. exd5 Nxd5 10. Ba3 Be6 11. Nbd2 Qd7 12. Nb3 O-O-O 13. Nc5 Qe8 14. Qb3
Bb6 15. Rab1 Na5 16. Qc2 Nxc4 17. Qxc4 Ne3 18. Qd3 Nxf1 19. Kxf1 Bxa2 20. Re1
Qc6 21. Qf5+ Kb8 22. Ne5 Qb5+ 23. Kg1 Rxd4 24. Ned7+ Ka8 25. Qxh7 Rd8 26. Qxg7
R4xd7 27. Nxd7 Qxd7 28. h3 Qd4 29. Qg3 a6 30. Be7 Re8 31. Kf1 Rxe7 32. Rxe7
Bc4+ 0-1

[Event "DVM U14 2011"]
[Site "Lingen (Ems) GER"]
[Date "2011.12.27"]
[Round "2"]
[White "Hoffmann, Jens"]
[Black "Malinin, Nikita"]
[Result "1/2-1/2"]
[Termination "normal"]
[Board "7.4"]
[WhiteElo "1375"]
[BlackElo "1410"]
[WhiteTeam "SC Widdern"]
[BlackTeam "SK Doppelbauer Kiel"]
[WhiteFideId "12946320"]
[BlackFideId "12946214"]
[EventCountry "GER"]
[EventRounds "7"]
[EventType "team-swiss"]
[EventDate "2011.12.26"]

1. e4 e5 2. Nf3 Nc6 3. d4 exd4 4. Nxd4 Nf6 5. Nxc6 bxc6 6. Bd3 Bc5 7. Bg5 h6 8.
Bh4 O-O 9. Nc3 Re8 10. O-O Rb8 11. Rb1 d5 12. Bxf6 Qxf6 13. exd5 Bb7 14. Ne4
Qe7 15. Nxc5 Qxc5 16. dxc6 Bxc6 17. b3 Rbd8 18. Re1 Rxe1+ 19. Qxe1 Rd5 20. Qe3
Qb4 21. Qe4 Qxe4 22. Bxe4 Rc5 23. Bxc6 Rxc6 24. c4 Kf8 25. Rc1 Rd6 26. g3 Rd2
27. a4 Rd3 28. Rb1 Ke7 29. Kf1 Kd6 30. Ke2 Rd4 31. Ke3 c5 32. f4 a5 33. Rb2 Ke6
34. Rb1 Kf5 35. Rg1 Kg4 36. h4 f5 37. Ke2 Kh3 38. Kf2 Rd3 39. h5 Kg4 40. Re1
Rd2+ 41. Re2 Rxe2+ 42. Kxe2 Kxg3 43. Ke3 Kg4 44. b4 cxb4 45. c5 b3 46. Kd2 b2
47. Kc2 Kxf4 48. c6 Kg3 49. c7 f4 50. c8=Q f3 51. Qc3 b1=Q+ 52. Kxb1 Kg2 53.
Qe3 f2 54. Qe2 Kg1 55. Qg4+ Kh2 56. Qf3 Kg1 57. Kb2 f1=Q 58. Qxf1+ Kxf1 59. Kc3
Kf2 60. Kc4 Kg3 61. Kb5 Kg4 62. Kxa5 Kxh5 63. Kb4 g5 64. a5 1/2-1/2

[Event "DVM U14 2011"]
[Site "Lingen (Ems) GER"]
[Date "2011.12.27"]
[Round "2"]
[White "Kardoeus, David"]
[Black "Knopf, Felix"]
[Result "0-1"]
[Termination "normal"]
[Board "8.1"]
[WhiteElo "1757"]
[BlackElo "1802"]
[WhiteTeam "SV Werder Bremen"]
[BlackTeam "SV Merseburg"]
[WhiteFideId "12912050"]
[BlackFideId "24692204"]
[EventCountry "GER"]
[EventRounds "7"]
[EventType "team-swiss"]
[EventDate "2011.12.26"]

1. b3 c5 2. Bb2 d6 3. g3 e5 4. Bg2 Ne7 5. c4 Nbc6 6. Nc3 g6 7. d3 Bg7 8. e3 O-O
9. Nge2 Be6 10. Qd2 d5 11. cxd5 Nxd5 12. O-O Rc8 13. Ne4 b6 14. d4 f5 15. N4c3
cxd4 16. exd4 Nxd4 17. Nxd4 exd4 18. Nxd5 Bxd5 19. f3 Rf7 20. Bxd4 Bxf3 21.
Bxf3 Qxd4+ 22. Qxd4 Bxd4+ 23. Kg2 Bxa1 24. Rxa1 Rd7 25. Be2 Rd2 26. Re1 Rcc2
27. Kf3 Kf8 28. Bb5 Rf2+ 29. Ke3 Rxa2 30. Rd1 Rxh2 31. Kf4 Rad2 32. Ra1 Rhf2+
33. Ke5 Ra2 34. Rd1 Rfd2 35. Rc1 Kg7 36. Rc7+ Kh6 37. Kf6 Rd6+ 38. Ke5 Rad2 39.
Bc4 Rd7 40. Rc6 Kg5 41. Ba6 Re7+ 42. Re6 Rxe6+ 43. Kxe6 Kg4 44. Kf7 Kxg3 45.
Kg7 Rh2 46. Bc4 f4 47. Bg8 f3 48. Bxh7 Rxh7+ 0-1

[Event "DVM U14 2011"]
[Site "Lingen (Ems) GER"]
[Date "2011.12.27"]
[Round "2"]
[White "Hoffmann, Dustin"]
[Black "Aslan, Dersim"]
[Result "1-0"]
[Termination "normal"]
[Board "8.2"]
[WhiteElo "1687"]
[BlackElo "1601"]
[WhiteTeam "SV Merseburg"]
[BlackTeam "SV Werder Bremen"]
[WhiteFideId "1270566"]
[BlackFideId "24692271"]
[EventCountry "GER"]
[EventRounds "7"]
[EventType "team-swiss"]
[EventDate "2011.12.26"]

1. e4 d5 2. exd5 Qxd5 3. Nc3 Qd8 4. d4 Nf6 5. Nf3 g6 6. Bc4 Bg4 7. Be3 Bg7 8.
Bxf7+ Kxf7 9. Ne5+ Kf8 10. Nxg4 c6 11. Qf3 Ke8 12. O-O Rf8 13. Nxf6+ Bxf6 14.
Qh3 Rf7 15. Ne4 Qd7 16. Qg3 Na6 17. Nxf6+ exf6 18. Rfe1 Kf8 19. c3 Nc7 20. Bf4
Re8 21. Rxe8+ Nxe8 22. Re1 Re7 23. Rxe7 Qxe7 24. Qe3 Qxe3 25. fxe3 Ke7 26. Kf2
Ke6 27. e4 Ng7 28. h3 a6 29. Kf3 Ne8 30. g4 f5 31. e5 Nc7 32. Bd2 Nd5 33. c4
fxg4+ 34. Kxg4 Ne7 35. Kf4 Nf5 36. Ke4 Ng3+ 37. Kd3 Nf5 38. Bf4 Ne7 39. Ke4 Ng8
40. d5+ cxd5+ 41. cxd5+ Kf7 42. d6 Ke6 43. h4 h6 44. Kd4 b6 45. a4 a5 46. Kc4
1-0

[Event "DVM U14 2011"]
[Site "Lingen (Ems) GER"]
[Date "2011.12.27"]
[Round "2"]
[White "Rosenthal, Moritz"]
[Black "Le Hong, Quang Anh"]
[Result "0-1"]
[Termination "normal"]
[Board "8.3"]
[WhiteElo "1082"]
[BlackElo "1309"]
[WhiteTeam "SV Werder Bremen"]
[BlackTeam "SV Merseburg"]
[WhiteFideId "12946338"]
[BlackFideId "12927589"]
[EventCountry "GER"]
[EventRounds "7"]
[EventType "team-swiss"]
[EventDate "2011.12.26"]

1. e4 c5 2. Nf3 Nc6 3. Nc3 d6 4. Bc4 e6 5. O-O g6 6. d3 Bg7 7. Be3 Nge7 8. Qd2
O-O 9. Bh6 a6 10. a3 b5 11. Ba2 Bb7 12. Ne2 Bxb2 13. Bxf8 Bxa1 14. Bxe7 Qxe7
15. Rxa1 Qf6 16. Qc1 Ne7 17. c4 b4 18. Rb1 a5 19. axb4 axb4 20. Bb3 Qg7 21. Qd2
f5 22. exf5 Bxf3 23. gxf3 gxf5+ 24. Kf1 e5 25. f4 Kf7 26. fxe5 dxe5 27. Qe3 Rc8
28. f4 Qh6 29. Qxe5 Qh3+ 30. Ke1 Qxd3 31. Qb2 Qf3 32. Qd2 Qh1+ 33. Kf2 Qxb1 34.
Bc2 Qh1 35. Ke3 Qxh2 36. Qe1 Rd8 37. Bd3 Qh6 38. Ng3 Qe6+ 39. Kd2 Rxd3+ 40.
Kxd3 Qxe1 41. Ne2 Qxe2+ 42. Kxe2 h5 43. Kd2 h4 44. Kc2 h3 45. Kb3 h2 46. Ka4
h1=Q 47. Kb5 Qc6+ 48. Ka5 Qb7 49. Ka4 b3 50. Ka3 b2 51. Ka2 b1=Q+ 52. Ka3 Qa1#
0-1

[Event "DVM U14 2011"]
[Site "Lingen (Ems) GER"]
[Date "2011.12.27"]
[Round "2"]
[White "Imcke, Patrick"]
[Black "Bykov, Ilya"]
[Result "1-0"]
[Termination "normal"]
[Board "9.1"]
[WhiteElo "1848"]
[BlackElo "1720"]
[WhiteTeam "Sportfreunde Katernberg 1913"]
[BlackTeam "Karlsruher SF 1853"]
[WhiteFideId "4622502"]
[BlackFideId "12918059"]
[EventCountry "GER"]
[EventRounds "7"]
[EventType "team-swiss"]
[EventDate "2011.12.26"]

1. e4 Nf6 2. e5 Nd5 3. d4 d6 4. c4 Nb6 5. f4 g6 6. Nc3 Bg7 7. Be3 O-O 8. Be2
Be6 9. b3 c5 10. dxc5 N6d7 11. cxd6 exd6 12. Qxd6 Nc6 13. Nf3 Ndxe5 14. Qxd8
Nxf3+ 15. Bxf3 Raxd8 16. Rc1 Rd3 17. Nd1 Re8 18. O-O a6 19. Be4 Rd7 20. Nf2 Nd4
21. Rfe1 Rde7 22. Rcd1 Nf5 23. Bc5 Rd7 24. Bd5 Rc8 25. Bxe6 Rxd1 26. Rxd1 fxe6
27. Ne4 Kf7 28. g4 Rxc5 29. Nxc5 Bd4+ 30. Kh1 Bxc5 31. gxf5 exf5 32. Rd7+ Kf6
33. Kg2 b6 34. Rxh7 a5 35. Rc7 Ke6 36. Kf3 Kf6 37. Ke2 Ke6 38. h3 Kf6 39. Rh7
Bd6 40. Kf3 Bc5 41. h4 Bd4 42. h5 gxh5 43. Rxh5 Kg6 44. Rg5+ Kf6 45. Rg8 Kf7
46. Rc8 Ke7 47. Rc6 Kd7 48. Rg6 Ke7 49. Kg3 Bf6 50. Rxf6 Kxf6 51. Kh4 Kg6 52.
a3 Kf6 53. Kh5 Kf7 54. Kg5 Ke6 55. Kg6 Ke7 56. Kxf5 Kf7 57. Ke5 Ke7 58. Kf5 Kf7
59. b4 axb4 1-0

[Event "DVM U14 2011"]
[Site "Lingen (Ems) GER"]
[Date "2011.12.27"]
[Round "2"]
[White "Weinmann, Balduin"]
[Black "Dette, Tim"]
[Result "1/2-1/2"]
[Termination "normal"]
[Board "9.2"]
[WhiteElo "1116"]
[BlackElo "1553"]
[WhiteTeam "Karlsruher SF 1853"]
[BlackTeam "Sportfreunde Katernberg 1913"]
[BlackFideId "12946249"]
[EventCountry "GER"]
[EventRounds "7"]
[EventType "team-swiss"]
[EventDate "2011.12.26"]

1. d4 Nf6 2. Bf4 c5 3. c3 g6 4. Nf3 Bg7 5. e3 cxd4 6. exd4 O-O 7. Bd3 Nc6 8.
Nbd2 d6 9. O-O Nd5 10. Bg3 e5 11. h3 exd4 12. cxd4 Nxd4 13. Nxd4 Bxd4 14. Nc4
Bc5 15. Be4 Nb6 16. Nxd6 Re8 17. Nxe8 Qxe8 18. Re1 Be6 19. Bxb7 Rd8 20. Qc2 Bb4
21. Re2 Qf8 22. b3 Bf5 23. Qc6 Bd3 24. Re3 Bc5 25. Ree1 Bb4 26. Red1 Qg7 27.
Bc7 Rf8 28. a3 Bc3 29. Rac1 Bb2 30. Rxd3 Bxc1 31. Qxc1 f6 32. Qc6 Qe7 33. Re3
Qxa3 34. Re8 Rxe8 35. Qxe8+ Kg7 36. Bxb6 axb6 37. Qd7+ Kf8 38. Bd5 Qc1+ 39. Kh2
Qf4+ 40. Kh1 Qc1+ 41. Kh2 Qf4+ 42. g3 Qxf2+ 43. Bg2 h5 44. Qh7 Qc2 45. b4 Qf5
46. h4 Qc2 47. b5 Qf5 1/2-1/2

[Event "DVM U14 2011"]
[Site "Lingen (Ems) GER"]
[Date "2011.12.27"]
[Round "2"]
[White "Schimnatkowski, Lukas"]
[Black "Ospina Ocampo, Antonio"]
[Result "1-0"]
[Termination "normal"]
[Board "9.3"]
[WhiteElo "1338"]
[BlackElo "934"]
[WhiteTeam "Sportfreunde Katernberg 1913"]
[BlackTeam "Karlsruher SF 1853"]
[WhiteFideId "12936723"]
[BlackFideId "12946362"]
[EventCountry "GER"]
[EventRounds "7"]
[EventType "team-swiss"]
[EventDate "2011.12.26"]

1. e4 e5 2. d4 exd4 3. Nf3 Nc6 4. Bc4 Na5 5. Bd3 Bc5 6. O-O d6 7. Bd2 Nc6 8. c3
dxc3 9. Nxc3 Nf6 10. a3 Bg4 11. Bg5 h6 12. Bh4 g5 13. Bg3 Nh5 14. Nd5 Nxg3 15.
hxg3 Ne5 16. Be2 c6 17. Nc3 Nxf3+ 18. Bxf3 Bxf3 19. Qxf3 Qe7 20. Rad1 O-O-O 21.
b4 Bb6 22. Rc1 a6 23. a4 Kc7 24. Nd5+ 1-0

[Event "DVM U14 2011"]
[Site "Lingen (Ems) GER"]
[Date "2011.12.27"]
[Round "2"]
[White "Sirbu, Nikita"]
[Black "Kennemann, Henrik Jan"]
[Result "0-1"]
[Termination "normal"]
[Board "9.4"]
[WhiteElo "805"]
[BlackElo "1132"]
[WhiteTeam "Karlsruher SF 1853"]
[BlackTeam "Sportfreunde Katernberg 1913"]
[WhiteFideId "12946370"]
[BlackFideId "1271856"]
[EventCountry "GER"]
[EventRounds "7"]
[EventType "team-swiss"]
[EventDate "2011.12.26"]

1. e4 {[%emt 0:00:00]} c5 2. Nf3 e6 3. Nc3 Nc6 4. Bc4 a6 5. O-O b5 6. Bd3 Be7
7. Be2 d5 8. d4 cxd4 9. Nxd4 Nxd4 10. Qxd4 Nf6 11. e5 Nd7 12. Qg4 g6 13. Qg3
Bf8 14. Be3 Bg7 15. Bf4 O-O 16. h4 Nc5 17. Bh5 b4 18. Ne2 Ne4 19. Qg4 gxh5 20.
Qxh5 f5 21. f3 Nc5 22. g4 Qe8 23. Qg5 h6 24. Qh5 Qxh5 25. gxh5 Kh7 26. Kf2 Bd7
27. Rg1 Bb5 28. Rg2 Bxe2 29. Kxe2 Rg8 30. Rag1 Nd7 31. c3 bxc3 32. bxc3 Bxe5
33. Rxg8 Rxg8 34. Rxg8 Kxg8 35. Bxh6 Bxc3 36. Ke3 Bg7 37. Bg5 Bf6 38. f4 Nc5
39. Ke2 Ne4 40. Kd3 Kh7 41. a3 Nxg5 42. hxg5 Bb2 43. a4 Bc1 44. g6+ Kg7 45. Kd4
Bxf4 46. Kc5 Be3+ 47. Kb4 f4 48. Ka5 f3 49. Kxa6 f2 50. h6+ Kxg6 51. h7 f1=Q+
52. Kb7 Kxh7 53. a5 Qb5+ 54. Kc7 Qxa5+ 55. Kd6 Kg6 56. Ke5 d4+ 57. Kd6 Qd5+ 58.
Ke7 Bg5+ 59. Ke8 Qd8# 0-1

[Event "DVM U14 2011"]
[Site "Lingen (Ems) GER"]
[Date "2011.12.27"]
[Round "2"]
[White "Müller, Max"]
[Black "Lindner, Ferdinand"]
[Result "1-0"]
[Termination "normal"]
[Board "10.1"]
[WhiteElo "1644"]
[BlackElo "1628"]
[WhiteTeam "SC Caissa Schwarzenbach"]
[BlackTeam "SV Medizin Erfurt"]
[WhiteFideId "12900486"]
[BlackFideId "1270769"]
[EventCountry "GER"]
[EventRounds "7"]
[EventType "team-swiss"]
[EventDate "2011.12.26"]

1. e4 c5 2. Nc3 Nc6 3. f4 g6 4. Nf3 Bg7 5. Bc4 e6 6. O-O Nge7 7. Qe1 O-O 8. d3
d5 9. Bb3 Na5 10. Qh4 Nxb3 11. axb3 Nc6 12. Qg3 Nb4 13. Ne1 Bf6 14. Qf3 b6 15.
e5 Bg7 16. Qh3 a6 17. Ne2 d4 18. Ng3 Bb7 19. Rf2 Nd5 20. Ne4 h6 21. Nf3 Bc6 22.
f5 exf5 23. Bxh6 Re8 24. Neg5 f6 25. Bxg7 fxg5 26. Qh8+ Kf7 27. Qh7 Ke6 28.
Qxg6+ 1-0

[Event "DVM U14 2011"]
[Site "Lingen (Ems) GER"]
[Date "2011.12.27"]
[Round "2"]
[White "Nguyen, Huy Dat"]
[Black "Backens, Johannes"]
[Result "1-0"]
[Termination "normal"]
[Board "10.2"]
[WhiteElo "1744"]
[BlackElo "1235"]
[WhiteTeam "SV Medizin Erfurt"]
[BlackTeam "SC Caissa Schwarzenbach"]
[WhiteFideId "12923486"]
[BlackFideId "12946389"]
[EventCountry "GER"]
[EventRounds "7"]
[EventType "team-swiss"]
[EventDate "2011.12.26"]

1. d4 d5 2. Nf3 Nf6 3. e3 c5 4. Nbd2 cxd4 5. exd4 Bg4 6. c4 e6 7. Qb3 Qd7 8.
Ne5 Qc7 9. h3 Bf5 10. Ndf3 Nc6 11. Nxc6 Qxc6 12. Ne5 dxc4 13. Bxc4 Qc7 14. O-O
Bd6 15. Bb5+ Ke7 16. Nc4 Nd5 17. Nxd6 Qxd6 18. Bc4 Rhe8 19. Qxb7+ Kf8 20. Bxd5
Qxd5 21. Qxd5 exd5 22. Be3 Rab8 23. b3 Rbc8 24. Rfc1 a6 25. Rc5 Rxc5 26. dxc5
Bd7 27. Rd1 Bc6 28. g3 Rb8 29. Kf1 a5 30. Rd4 Ke7 31. Ke2 Rb5 32. Rh4 h6 33.
Kd2 Ke6 34. Kc3 Ke5 35. Bd4+ Kf5 36. Rf4+ Ke6 37. a3 f5 38. g4 fxg4 39. Rxg4 g5
40. h4 Kf5 41. f3 h5 42. Rxg5+ 1-0

[Event "DVM U14 2011"]
[Site "Lingen (Ems) GER"]
[Date "2011.12.27"]
[Round "2"]
[White "Zimmermeier, Gregor"]
[Black "Knorre, Jonas"]
[Result "0-1"]
[Termination "normal"]
[Board "10.3"]
[WhiteElo "877"]
[BlackElo "1728"]
[WhiteTeam "SC Caissa Schwarzenbach"]
[BlackTeam "SV Medizin Erfurt"]
[BlackFideId "24696900"]
[EventCountry "GER"]
[EventRounds "7"]
[EventType "team-swiss"]
[EventDate "2011.12.26"]

1. e4 c5 2. Nc3 Nc6 3. Nf3 g6 4. Bc4 Bg7 5. O-O e6 6. d3 Nge7 7. Be3 Nd4 8. Rb1
O-O 9. Nb5 d5 10. Bxd4 cxd4 11. Bb3 Nc6 12. c3 dxc3 13. Nxc3 dxe4 14. dxe4 b6
15. Ba4 Bb7 16. h3 Qe7 17. Qd2 Rfd8 18. Qc2 a6 19. a3 b5 20. Bb3 Rac8 21. Rfe1
Nd4 22. Nxd4 Bxd4 23. Rbc1 Qf6 24. Re2 a5 25. Qd2 Bxc3 26. bxc3 Rxd2 27. Rxd2
Rxc3 28. Rxc3 Qxc3 0-1

[Event "DVM U14 2011"]
[Site "Lingen (Ems) GER"]
[Date "2011.12.27"]
[Round "2"]
[White "Nguyen, Ha Thanh"]
[Black "Dechant, Joel Julian"]
[Result "1-0"]
[Termination "normal"]
[Board "10.4"]
[WhiteElo "1139"]
[BlackElo "836"]
[WhiteTeam "SV Medizin Erfurt"]
[BlackTeam "SC Caissa Schwarzenbach"]
[WhiteFideId "12942154"]
[EventCountry "GER"]
[EventRounds "7"]
[EventType "team-swiss"]
[EventDate "2011.12.26"]

1. e4 e5 2. Nf3 Nc6 3. Bc4 Nf6 4. d3 Bc5 5. c3 d6 6. O-O Na5 7. Bb3 Bg4 8. Bc2
O-O 9. Bg5 h6 10. Bh4 Nc6 11. h3 Bxf3 12. Qxf3 g5 13. Bg3 d5 14. exd5 Nxd5 15.
Re1 f6 16. Qe4 f5 17. Qe2 Bd6 18. Bb3 Nce7 19. Qf3 c6 20. c4 Nb4 21. c5+ Kg7
22. cxd6 Qxd6 23. Bxe5+ Qxe5 24. Rxe5 Nbd5 25. Nc3 Rad8 26. Nxd5 Nxd5 27. Bxd5
cxd5 28. Rxf5 Rxf5 29. Qxf5 Rf8 30. Qxd5 Re8 31. Qxb7+ Kf8 32. d4 Re2 33. d5
Rd2 34. Qd7 Rxb2 35. Re1 Rb8 36. Qe7+ Kg8 37. d6 a5 38. d7 Rf8 39. d8=R Rxd8
40. Qxd8+ Kg7 41. Re6 Kf7 42. Qd7+ Kf8 43. Re8# 1-0

[Event "DVM U14 2011"]
[Site "Lingen (Ems) GER"]
[Date "2011.12.28"]
[Round "3"]
[White "Peczely, Sebastian Zsombor"]
[Black "Koop, Thorben"]
[Result "1/2-1/2"]
[Termination "normal"]
[Board "1.1"]
[WhiteElo "2031"]
[BlackElo "2099"]
[WhiteTeam "SG Leipzig"]
[BlackTeam "SV Lingen 1959"]
[WhiteFideId "750964"]
[BlackFideId "24661619"]
[EventCountry "GER"]
[EventRounds "7"]
[EventType "team-swiss"]
[EventDate "2011.12.26"]

1. e4 {[%emt 0:00:00]} c5 {[%emt 0:00:00]} 2. Nf3 {[%emt 0:00:06]} Nc6 3. d4
cxd4 4. Nxd4 e5 5. Nb5 d6 6. Be3 Nf6 7. Bc4 Be6 8. Bxe6 fxe6 9. c4 Be7 10. N5c3
O-O 11. O-O Qe8 12. f4 exf4 13. Bxf4 Rd8 14. Na3 d5 15. exd5 exd5 16. cxd5 Bc5+
17. Kh1 Bxa3 18. bxa3 Nxd5 19. Nxd5 Qf7 20. Nf6+ Qxf6 21. Qb3+ Qf7 22. Bd6 Qxb3
23. Rxf8+ Rxf8 24. axb3 Rd8 25. Bc5 Rd5 26. b4 b6 1/2-1/2

[Event "DVM U14 2011"]
[Site "Lingen (Ems) GER"]
[Date "2011.12.28"]
[Round "3"]
[White "Oehne, Timo"]
[Black "Kreyssig, Robert"]
[Result "1/2-1/2"]
[Termination "normal"]
[Board "1.2"]
[WhiteElo "1809"]
[BlackElo "1895"]
[WhiteTeam "SV Lingen 1959"]
[BlackTeam "SG Leipzig"]
[WhiteFideId "24661635"]
[BlackFideId "4662881"]
[EventCountry "GER"]
[EventRounds "7"]
[EventType "team-swiss"]
[EventDate "2011.12.26"]

1. e4 c5 2. Nc3 Nc6 3. Nf3 d6 4. Bb5 g6 5. O-O Bg7 6. Re1 Bg4 7. h3 Bxf3 8.
Qxf3 e6 9. Bxc6+ bxc6 10. Rb1 c4 11. b3 cxb3 12. Rxb3 Ne7 13. Ba3 O-O 14. Reb1
c5 15. Rb7 Nc6 16. Qd3 Nd4 17. Nb5 f5 18. c3 Nxb5 19. R1xb5 fxe4 20. Qxe4 Qf6
21. Qe2 Rf7 22. Rxf7 Qxf7 23. Bb2 Qf5 24. d3 Rf8 25. Rb7 Rf7 26. Rxf7 1/2-1/2

[Event "DVM U14 2011"]
[Site "Lingen (Ems) GER"]
[Date "2011.12.28"]
[Round "3"]
[White "Kreyssig, Bruno"]
[Black "Bach, Jannik"]
[Result "0-1"]
[Termination "normal"]
[Board "1.3"]
[WhiteElo "1646"]
[BlackElo "1832"]
[WhiteTeam "SG Leipzig"]
[BlackTeam "SV Lingen 1959"]
[WhiteFideId "4692489"]
[BlackFideId "24615900"]
[EventCountry "GER"]
[EventRounds "7"]
[EventType "team-swiss"]
[EventDate "2011.12.26"]

1. e4 c6 2. d4 d5 3. Nd2 dxe4 4. Nxe4 Bf5 5. Ng3 Bg6 6. h4 h6 7. Nf3 Nd7 8. h5
Bh7 9. Bd3 Bxd3 10. Qxd3 Ngf6 11. Bf4 Qa5+ 12. Bd2 Qc7 13. O-O-O e6 14. c4
O-O-O 15. Ne4 Nxe4 16. Qxe4 Nf6 17. Qe2 Bd6 18. c5 Bf4 19. Bxf4 Qxf4+ 20. Qe3
Qf5 21. Ne5 Ng4 22. Nxg4 Qxg4 23. g3 Rd5 24. Rh4 Qf5 25. Qf4 Rhd8 26. Qxf5 Rxf5
27. Rh2 Rfd5 28. Rh4 e5 29. b4 exd4 30. Rd3 b6 31. cxb6 axb6 32. Kc2 c5 33. Kb3
Kc7 34. bxc5 bxc5 35. Kc4 Kc6 36. Rg4 Rb8 37. a3 Ra8 38. Rxg7 Ra4+ 39. Kb3 c4+
40. Kxa4 cxd3 41. Kb3 Rc5 42. Rg4 Kd5 43. Rh4 d2 44. Rh1 Rc1 0-1

[Event "DVM U14 2011"]
[Site "Lingen (Ems) GER"]
[Date "2011.12.28"]
[Round "3"]
[White "Vonhoff, Nils"]
[Black "Waschischeck, Tom"]
[Result "1-0"]
[Termination "normal"]
[Board "1.4"]
[WhiteElo "1787"]
[BlackElo "1464"]
[WhiteTeam "SV Lingen 1959"]
[BlackTeam "SG Leipzig"]
[WhiteFideId "24692301"]
[BlackFideId "12931780"]
[EventCountry "GER"]
[EventRounds "7"]
[EventType "team-swiss"]
[EventDate "2011.12.26"]

1. e4 e6 2. d4 d5 3. Nd2 a6 4. c3 c5 5. exd5 exd5 6. Ngf3 Nf6 7. Bd3 c4 8. Bc2
Bd6 9. O-O O-O 10. Re1 Bg4 11. Nf1 h6 12. h3 Be6 13. Ne5 Nc6 14. f4 Qc8 15. Ne3
Ne7 16. g4 b5 17. Qf3 Qb7 18. h4 Ne4 19. f5 f6 20. N5xc4 bxc4 21. fxe6 f5 22.
Nxf5 Nxf5 23. gxf5 Ng3 24. Qg4 h5 25. Qf3 Rae8 26. b3 cxb3 27. axb3 Bc7 28. c4
Qb4 29. Ba3 Qd2 30. Bxf8 Qxc2 31. e7 Qxf5 32. Qxd5+ Qxd5 33. cxd5 Nf5 34. Rxa6
Nxd4 35. Kf2 Nf5 36. Ree6 Bg3+ 37. Kg2 Kf7 38. Re4 Bxh4 39. d6 Rc8 40. Rc6 Rxc6
41. e8=Q+ Kf6 42. Qxc6 1-0

[Event "DVM U14 2011"]
[Site "Lingen (Ems) GER"]
[Date "2011.12.28"]
[Round "3"]
[White "Glatzel, Jonas"]
[Black "Flüchter, Gregor"]
[Result "0-1"]
[Termination "normal"]
[Board "2.1"]
[WhiteElo "1937"]
[BlackElo "1916"]
[WhiteTeam "SK Kspr. Iserlohn 1934"]
[BlackTeam "SF Brackel 30"]
[WhiteFideId "12937800"]
[BlackFideId "12903396"]
[EventCountry "GER"]
[EventRounds "7"]
[EventType "team-swiss"]
[EventDate "2011.12.26"]

1. e4 c5 2. c3 Nf6 3. e5 Nd5 4. d4 cxd4 5. Nf3 Nc6 6. cxd4 d6 7. Bc4 Nb6 8. Bb3
dxe5 9. d5 Na5 10. Nc3 Nxb3 11. Qxb3 e6 12. Nxe5 exd5 13. Be3 Bd6 14. Qb5+ Nd7
15. Nxf7 Kxf7 16. Qxd5+ Ke7 17. O-O-O Nf6 18. Qg5 Kf7 19. Bc5 h6 20. Qh4 g5 21.
Qa4 Bf4+ 22. Kb1 Qc7 23. Bd4 Bf5+ 24. Ka1 Qc6 25. Qa3 Rhd8 26. Rhe1 Re8 27.
Qb3+ Be6 28. Qc2 Rac8 29. Bxf6 Kxf6 30. Qh7 Bf5 31. Qxh6+ Bg6 32. Rxe8 Rxe8 33.
a3 Be5 34. Nd5+ Kf7 35. Ne3 Qb5 36. Rd2 Bc3 37. Nc4 Re1+ 0-1